| 000 | 00614nam a2200265Ia 4500 | ||
|---|---|---|---|
| 008 | 210210b1956 xxu||||| |||| 00| 0 eng d | ||
| 041 | _aeng | ||
| 082 | _a383/150 | ||
| 100 | _aSLADEN (E) | ||
| 245 | _aModern commerce: a course in commerce for advanced students Ed 4 | ||
| 250 | _a | ||
| 260 |
_aLondon _bSir Isaac Pitman & Sons Ltd., _c1956 |
||
| 300 | _avii,323 | ||
| 650 | _astudents | ||
| 650 | _aModern | ||
| 650 | _afor | ||
| 650 | _aEd | ||
| 650 | _acourse | ||
| 650 | _acommerce: | ||
| 650 | _acommerce | ||
| 650 | _aadvanced | ||
| 650 | _a4 | ||
| 690 | _aCommerce | ||
| 906 | _a005346 | ||
| 999 |
_c125296 _d125296 |
||